000 00495nam a22001697a 4500
003 PILC
005 20150303135914.0
008 150303b xxu||||| |||| 00| 0 eng d
020 _a9781107621091
050 _aPE 1478
_b.C539 2013
100 _aChin, Peter.
245 _aAcademic writing skills :
_bstudent's book /
260 _aSingapore :
_bCambridge University Press,
_cc2013.
300 _a131 pages :
_bcolored illustrations ;
_c26 cm.
521 _aGeneral Education
942 _2lcc
_cBK
999 _c283700
_d283700